| 000 | 00000nam 2200000zi 4500 |
| 001 | 9.938292 |
| 003 | CaOODSP |
| 005 | 20241118113805 |
| 006 | m o d f |
| 007 | cr mn||||||||| |
| 008 | 240514t20232023oncabd ob f000 0 fre d |
| 020 | |a9780660719467 |
| 040 | |aCaOODSP|bfre|erda|cCaOODSP |
| 043 | |an-cn--- |
| 086 | 1 |aCW69-14/835-2024F-PDF |
| 245 | 00|aÉvaluation et rapport de situation du COSEPAC sur le Hibberson's trillium, Trillium hibbersonii, au Canada. |
| 264 | 1|aOttawa (Ontario) : |bComité sur la situation des espèces en péril au Canada = Committee on the Status of Endangered Wildlife in Canada, |c2023. |
| 264 | 4|c©2023 |
| 300 | |a1 ressource en ligne (xii, 39 pages) : |billustrations, cartes, photographies |
| 336 | |atexte|btxt|2rdacontent/fre |
| 337 | |ainformatique|bc|2rdamedia/fre |
| 338 | |aressource en ligne|bcr|2rdacarrier/fre |
| 500 | |aPublié aussi en anglais sous le titre : COSEWIC assessment and status report on the Hibberson's Trillium, Trillium hibbersonii, in Canada. |
| 500 | |a« Menacée 2023. » |
| 504 | |aComprend des références bibliographiques (pages 27-31). |
| 520 | |a« Le trille de Hibberson est une petite herbacée vivace à trois feuilles, largement ovées. Ses fleurs, portées par un court pédicelle, ont trois pétales roses, intercalés avec trois sépales verts, non soudés. Le trille de Hibberson est endémique à la côte ouest du Canada. Ses fleurs voyantes et sa petite taille font de lui une espèce horticole recherchée » -- Résumé, page iv. |
| 650 | 6|aPlantes en voie de disparition|zCanada. |
| 650 | 6|aTrillium|zCanada. |
| 710 | 2 |aComité sur la situation des espèces en péril au Canada, |eorganisme de publication. |
| 775 | 08|tCOSEWIC assessment and status report on the Hibberson's Trillium, Trillium hibbersonii, in Canada.|w(CaOODSP)9.938291 |
| 856 | 40|qPDF|s1.39 Mo|uhttps://publications.gc.ca/collections/collection_2024/eccc/cw69/CW69-14-835-2024-fra.pdf |
| 856 | 4 |qHTML|sS.O.|uhttps://www.canada.ca/fr/environnement-changement-climatique/services/registre-public-especes-peril/evaluations-rapports-situations-cosepac/trille-hibberson-2023.html |